[Event "Stay Safe Play From Home 299"]
[Site "Emanuel Lasker Arena"]
[Date "2020.07.13"]
[Round "3"]
[White "AChessPlayer"]
[Black "Mepe_Nika"]
[Result "1-0"]
[WhiteElo "2341"]
[BlackElo "2414"]
[Annotator "TA"]
[PlyCount "99"]
[EventDate "2020.07.13"]
[EventType "swiss (blitz)"]

{[%evp 11,99,-5,-10,-13,0,-18,0,-15,22,-25,0,3,8,0,0,-2,8,7,0,0,0,-36,12,0,99,-31,7,0,0,0,92,14,34,0,0,0,74,88,77,56,94,-2,133,0,89,0,124,10,123,76,110,102,135,-33,-10,-108,-85,-162,31,-23,-18,-19,184,16,29987,1756,29988,29989,29989,29990,29990,29991,29991,29992,29992,2358,29986,1843,1717,1289,2017,1195,1243,0,2102,1965,29986,29986,29985,8]} 1. b3 d5 2. Bb2 Bf5 3. e3 e6 4. f4 Nf6 5. Nf3 Be7 6. Be2 O-O 7. O-O {[#] A03: Bird's Opening with 1...d5.} a5 $146 ({Predecessor:} 7... c5 8. Ne5 h6 9. Bd3 Bxd3 10. cxd3 Nfd7 11. Nc3 Bf6 12. Ng4 Be7 13. Qf3 f5 14. Nxd5 fxg4 15. Nxe7+ Qxe7 16. Qxb7 {1-0 (26) Zeng,C (2532)-Ye,R (2461) Tianjin 2018}) 8. a3 c6 9. Ne5 {aiming for g4.The position is equal.} Nfd7 10. d3 (10. g4 {is more complex.} Bg6 11. Nxg6 fxg6 12. c4 g5 13. f5) 10... f6 11. Nf3 Bg6 12. Nbd2 b5 13. Kh1 c5 14. e4 Nc6 15. Nh4 Bf7 16. f5 dxe4 17. dxe4 exf5 (17... Rb8 $11) 18. exf5 (18. Bxb5 $16 Nd4 19. Bxd4 cxd4 20. Nxf5) 18... Nde5 19. Bxb5 Nd4 20. Ba4 Qd5 (20... Rb8 $11) 21. c4 (21. c3 $1 $16 {[%cal Rc3d4]} Ndc6 22. c4) 21... Qb7 22. Ndf3 (22. Bxd4 $5 cxd4 23. Nhf3 $11) 22... Nexf3 23. Nxf3 Rad8 (23... Nxf5 $11 24. Qe1 h6) 24. Nxd4 $16 cxd4 25. Qf3 Qb8 26. Rad1 (26. Rae1 $16 Bc5 27. Qd3) 26... Bd6 (26... Bxc4 $1 $11 {remains equal.} 27. bxc4 Qxb2) 27. Qh3 (27. Bxd4 $16 Bxh2 28. Bc3) 27... Be5 (27... Bxc4 $1 $11 28. Rfe1 Bf7) 28. Rd3 (28. Bb5 $16) 28... g5 (28... Bxc4 $1 $11 29. bxc4 Qxb2) 29. Rfd1 (29. Bb5 $16) 29... Qb6 (29... Bxc4 $1 $11 30. bxc4 Qxb2) 30. Bc1 Kg7 31. Qf3 h6 32. b4 $2 (32. Re1 $16) 32... axb4 33. axb4 (33. Bb5 $11 {keeps the balance.}) 33... Qxb4 34. Bc6 (34. Bb5 $17 {is a better defense.} Bxc4 35. Bxc4 Qxc4 36. Ba3) 34... Qb8 $2 ({Not} 34... Bxc4 35. Ba3 $11) (34... Qxc4 $19 {And now ...Rd6 would win.} 35. Ba3 Rg8) 35. Bd5 ({White should play} 35. Rb3 $14 Qc8 36. Rb7) 35... Bxd5 $11 36. cxd5 Qd6 $2 (36... Qb7 $11 {and Black is okay.}) 37. Qh5 $2 (37. Ba3 $1 $18 {[%cal Ra3d6]} Qxd5 38. Bxf8+ Kxf8 39. Qh5) 37... Rh8 $2 {[%mdl 8192]} (37... Qd7 $11) 38. Qg6+ Kf8 39. Ba3 Rg8 40. Bxd6+ Rxd6 41. Qxh6+ Kf7 42. Qh5+ Kf8 43. Qg4 (43. Ra3 $142 Rd7 {[#]} 44. d6 $1 {[%mdl 512]} Bxd6 45. Re1 $1 {[%mdl 512]} Be5 46. Rxe5 $1 {[%mdl 512]} fxe5 47. f6 Rd8 48. Ra7 Rg6 49. Qxg6 Rd7 50. Ra8+ Rd8 51. Rxd8#) 43... Rxd5 44. h3 (44. Qh5 $142 Rd7 45. Ra3 Rg6 46. fxg6 f5 47. Qxg5 Kg7 48. Rh3 Kf8 49. Qxf5+ {[%mdl 64] Double Attack} Ke8 50. Qxe5+ {[%mdl 64] Double Attack} Re7 51. Qxd4 Re1+ 52. Rxe1+ Kf8 53. Rh8#) 44... Kg7 45. Qe4 Rgd8 46. R3d2 R5d6 47. Rd3 Rd5 $1 48. h4 R5d6 49. hxg5 R6d7 50. Qxe5 $2 {[%mdl 32768] Accuracy: White = 39%, Black = 37%. . Loss on time!?} (50. Rh3 {mates} Kf8 51. g6 Kg8 52. Qh4 Kf8 53. Qh8+ Ke7 54. Rh7+ Kd6 55. Rxd7+ Rxd7 56. g7) 1-0

[Event "Stay Safe Play From Home 299"]
[Site "Emanuel Lasker Arena"]
[Date "2020.07.13"]
[Round "3"]
[White "Weltszmerc"]
[Black "Broken sword"]
[Result "0-1"]
[WhiteElo "2192"]
[BlackElo "2420"]
[Annotator "TA"]
[PlyCount "96"]
[EventDate "2020.07.13"]
[EventType "swiss (blitz)"]

{[%evp 9,96,4,8,-14,225,15,25,0,22,4,4,2,32,10,34,35,41,8,45,-68,-52,-54,-48,-26,10,16,20,20,34,-13,9,6,8,0,8,16,12,4,4,0,0,0,19,0,0,0,0,0,0,0,0,0,0,0,0,0,0,0,634,568,922,1173,1092,1014,1064,989,852,878,531,0,0,-466,-467,-456,-427,-467,-463,-446,-414,-452,-137,-295,0,-241,0,-278,0,0,0]} 1. d4 d5 2. c4 c6 3. Nf3 Nf6 4. g3 Bf5 5. Qb3 Qb6 6. c5 {[#] D11: Slav Defence: 3 Nf3 sidelines and 3...Nf6 4 e3 Bg4.} Qd8 $146 (6... Qxb3 $11 7. axb3 g6) ({Predecessor:} 6... Qxb3 7. axb3 Na6 8. Bd2 Ne4 9. e3 Nxd2 10. Kxd2 Nc7 11. Nc3 f6 12. b4 a6 13. Nh4 {½-½ (36) Adianto,U (2605)-Piket,J (2580) Amsterdam 1996}) 7. Bg2 $2 (7. Qxb7 $18 Nbd7 8. Qxc6) 7... Qc8 8. O-O {White has an edge.} Nbd7 9. Qa4 e6 10. b4 a6 11. Qb3 h6 12. a4 Be7 13. Bb2 O-O 14. b5 (14. a5 $14) 14... axb5 $15 15. axb5 Rxa1 16. Bxa1 Bd8 17. b6 Re8 18. Nbd2 Ne4 19. e3 Bf6 20. Nxe4 Bxe4 21. Bc3 Bxf3 22. Bxf3 e5 23. Bg4 (23. h4 {with more complications.} exd4 24. exd4 g6 25. h5 gxh5 26. Bxh5 Bg7 27. Bg4) 23... exd4 24. Bxd4 Bxd4 25. exd4 Qd8 26. Bxd7 (26. Kg2 {feels hotter.} Nf6 27. Bf3 Qd7 28. Qc2 g6 29. h4) 26... Qxd7 $11 {[%mdl 4096] Endgame KQR-KQR} 27. Qf3 Re4 28. Rd1 Qe7 29. Kg2 g6 30. h4 h5 31. Qd3 Kg7 32. Qf3 Rg4 33. Qe3 Qxh4 $2 {[%mdl 8192]} (33... Re4 $11 34. Qd2 f5) 34. Qe5+ $18 Qf6 {[#]} 35. Qxf6+ $1 Kxf6 {KR-KR} 36. f3 Rg5 37. Kf2 Rf5 {[#]} 38. Ra1 $1 {[%cal Ra1a7]} h4 39. g4 $2 (39. gxh4 $18 {And now Ra7 would win.} Rf4 40. Ke3 Rxh4 41. Ra7) 39... Rf4 $11 40. Ra7 $2 {[%mdl 8192]} (40. Ke3 $11 {and White stays safe.} g5 41. Ra8) 40... Rxd4 $19 41. Rxb7 {Black should prevent Rc7.} Rc4 42. Rc7 Rxc5 43. b7 Rb5 44. Rxc6+ Kg7 $2 (44... Kg5 $19 45. Rc7 Rb2+ 46. Ke3 h3) 45. Rc7 $2 (45. Rc5 $17 Rxb7 46. Rxd5) 45... Rb3 $2 (45... Rb2+ $19 46. Ke3 h3) 46. f4 $2 (46. g5 $11) 46... d4 $2 (46... Rb2+ $19 47. Kf3 h3) 47. f5 $2 {[%mdl 8192]} (47. Kg2 $11 {and White is okay.}) 47... gxf5 $2 (47... Rb2+ $19 48. Kf1 Kf6 49. fxg6 fxg6) 48. gxf5 $11 h3 {[%mdl 32768] Never resign too early! Accuracy: White = 64%, Black = 64%. . Loss on time!?} 0-1

[Event "Stay Safe Play From Home 299"]
[Site "Emanuel Lasker Arena"]
[Date "2020.07.13"]
[Round "3"]
[White "Lamborghini"]
[Black "Bardellosport"]
[Result "1-0"]
[WhiteElo "2153"]
[BlackElo "2062"]
[Annotator "TA"]
[PlyCount "55"]
[EventDate "2020.07.13"]
[EventType "swiss (blitz)"]

{[%evp 11,55,25,72,53,59,39,41,47,64,59,58,56,237,240,243,255,307,295,327,321,336,323,303,312,320,314,377,368,421,433,406,414,435,372,1112,1119,29988,29989,29989,29990,29995,29996,29999,29997,29997,29998]} 1. e4 d6 2. d4 Nf6 3. Nc3 e5 4. dxe5 dxe5 5. Qxd8+ Kxd8 6. Bg5 Be7 7. O-O-O+ {B07: Pirc Defence: Miscellaneous Systems.} Ke8 8. Nb5 Na6 {[#]} 9. f3 $146 {White is slightly better.} ({Predecessor:} 9. Nf3 Bg4 10. h3 Bxf3 11. gxf3 h6 12. Be3 c6 13. Nxa7 Bc5 14. Bxa6 Bxe3+ 15. fxe3 bxa6 16. Nxc6 {½-½ (22) Molnar,I (1116)-Zwonitschek,M (1288) Hungary 2018}) 9... c6 10. Nd6+ Bxd6 $1 11. Rxd6 Be6 $2 {[#]} (11... Ke7 $14 12. Rd1 Nc5) 12. Bxa6 $18 bxa6 13. Rxc6 Ke7 14. Rxa6 Rhb8 15. b3 h6 16. Be3 Nd7 17. Ne2 ({Don't do} 17. Bxa7 Rc8 $18) 17... Rb7 18. Rd1 Nb6 19. Nc3 Nc8 20. Bc5+ Ke8 21. Nd5 Rd7 22. Ne3 f6 $2 {[#]} (22... Rc7 23. Ra5 f6) 23. Rxe6+ Kf7 24. Rxd7+ {White mates.} Kxe6 25. Rxg7 Rb8 26. Nf5 Nb6 27. Bxb6 {[%csl Gf5][%cal Rg7e7]} Re8 28. Bxa7 {Black got outplayed after the opening. Accuracy: White = 94%, Black = 42%.} 1-0

[Event "Stay Safe Play From Home 299"]
[Site "Emanuel Lasker Arena"]
[Date "2020.07.13"]
[Round "3"]
[White "Lazieri3"]
[Black "Justwatch"]
[Result "1-0"]
[WhiteElo "2063"]
[BlackElo "1645"]
[Annotator "RC"]
[PlyCount "151"]
[EventDate "2020.07.13"]
[EventType "swiss (blitz)"]

1. e4 {[%emt 0:00:01]} Nf6 {[%emt 0:00:00]} 2. Nc3 {[%emt 0:00:00]} e5 {[%emt 0:00:01]} 3. Nf3 {[%emt 0:00:02]} d6 {[%emt 0:00:00]} 4. d4 {[%emt 0:00:01]} Nc6 {[%emt 0:00:01]} 5. Bc4 {[%emt 0:00:00]} exd4 {[%emt 0:00:01]} 6. Nxd4 {[%emt 0:00:01]} Nxd4 {[%emt 0:00:00]} 7. Qxd4 {[%emt 0:00:01]} Be6 {[%emt 0:00:00]} 8. Nd5 {[%emt 0:00:02]} c6 {[%emt 0:00:02]} 9. Nxf6+ {[%emt 0:00:01]} Qxf6 {[%emt 0:00:01]} 10. Qxf6 {[%emt 0:00:01]} gxf6 {[%emt 0:00:00]} 11. Bd3 {[%emt 0:00:00]} Bh6 {[%emt 0:00:02]} 12. Bxh6 {[%emt 0:00:01]} Ke7 {[%emt 0:00:00]} 13. Bf4 {[%emt 0:00:02]} a5 {[%emt 0:00:01]} 14. O-O-O {[%emt 0:00:01]} b5 {[%emt 0:00:00]} 15. a3 {[%emt 0:00:01]} Rhd8 {[%emt 0:00:01]} 16. Bg3 {[%emt 0:00:02]} c5 {[%emt 0:00:01]} 17. c3 {[%emt 0:00:02]} b4 {[%emt 0:00:01]} 18. cxb4 {[%emt 0:00:01]} axb4 {[%emt 0:00:00]} 19. axb4 {[%emt 0:00:00]} cxb4 {[%emt 0:00:00]} 20. Kd2 {[%emt 0:00:01]} Bb3 {[%emt 0:00:02]} 21. Ra1 {[%emt 0:00:02]} Rac8 {[%emt 0:00:02]} 22. Rhc1 {[%emt 0:00:02]} Rxc1 {[%emt 0:00:02]} 23. Kxc1 {[%emt 0:00:01]} Rc8+ {[%emt 0:00:02]} 24. Kd2 {[%emt 0:00:00]} Bc4 {[%emt 0:00:02]} 25. Ra7+ {[%emt 0:00:01]} Ke6 {[%emt 0:00:01]} 26. Bxc4+ {[%emt 0:00:03]} Rxc4 {[%emt 0:00:02]} 27. f3 {[%emt 0:00:02]} b3 {[%emt 0:00:03]} 28. Ra6 {[%emt 0:00:03]} Rd4+ {[%emt 0:00:01]} 29. Ke3 {[%emt 0:00:01]} Rd1 {[%emt 0:00:01]} 30. Rb6 {[%emt 0:00:02]} Rg1 {[%emt 0:00:02]} 31. Rxd6+ {[%emt 0:00:01]} Ke7 {[%emt 0:00:00]} 32. Rd2 {[%emt 0:00:00]} Rb1 {[%emt 0:00:01]} 33. Kd3 {[%emt 0:00:01]} Rc1 {[%emt 0:00:00]} 34. e5 {[%emt 0:00:01]} Rc8 {[%emt 0:00:00]} 35. exf6+ {[%emt 0:00:01]} Kxf6 {[%emt 0:00:00]} 36. Ke2 {[%emt 0:00:03]} Kg6 {[%emt 0:00:01]} 37. Kf2 {[%emt 0:00:01]} Rc2 {[%emt 0:00:02]} 38. Rxc2 {[%emt 0:00:01]} bxc2 {[%emt 0:00:00]} 39. Bf4 {[%emt 0:00:00]} Kf5 {[%emt 0:00:01]} 40. Bc1 {[%emt 0:00:00]} Ke6 {[%emt 0:00:00]} 41. Ke3 {[%emt 0:00:01]} Kd5 {[%emt 0:00:00]} 42. Kd3 {[%emt 0:00:00]} f5 {[%emt 0:00:01]} 43. Kxc2 {[%emt 0:00:00]} Ke5 {[%emt 0:00:00]} 44. Kd3 {[%emt 0:00:01]} h5 {[%emt 0:00:00]} 45. b4 {[%emt 0:00:01]} h4 {[%emt 0:00:00]} 46. g3 {[%emt 0:00:01]} Kd5 {[%emt 0:00:00]} 47. gxh4 {[%emt 0:00:01]} Ke6 {[%emt 0:00:01]} 48. Ke3 {[%emt 0:00:00]} Kf6 {[%emt 0:00:00]} 49. Kf4 {[%emt 0:00:00]} Kg6 {[%emt 0:00:01]} 50. h5+ {[%emt 0:00:01]} Kxh5 {[%emt 0:00:00]} 51. Bb2 {[%emt 0:00:00]} Kg6 {[%emt 0:00:00]} 52. b5 {[%emt 0:00:01]} Kh6 {[%emt 0:00:00]} 53. Kxf5 {[%emt 0:00:00]} Kh5 {[%emt 0:00:00]} 54. b6 {[%emt 0:00:00]} Kh4 {[%emt 0:00:00]} 55. b7 {[%emt 0:00:00]} Kh3 {[%emt 0:00:00]} 56. b8=Q {[%emt 0:00:00]} Kg2 {[%emt 0:00:00]} 57. Qg8+ {[%emt 0:00:00]} Kf2 {[%emt 0:00:00]} 58. h4 {[%emt 0:00:00]} Kf1 {[%emt 0:00:00]} 59. Kg4 {[%emt 0:00:00]} Ke1 {[%emt 0:00:00]} 60. f4 {[%emt 0:00:00]} Ke2 {[%emt 0:00:00]} 61. Qe8+ {[%emt 0:00:00]} Kf2 {[%emt 0:00:00]} 62. f5 {[%emt 0:00:00]} Kg2 {[%emt 0:00:00]} 63. f6 {[%emt 0:00:00]} Kh2 {[%emt 0:00:00]} 64. h5 {[%emt 0:00:00]} Kg1 {[%emt 0:00:00]} 65. h6 {[%emt 0:00:00]} Kf1 {[%emt 0:00:00]} 66. h7 {[%emt 0:00:00]} Kg1 {[%emt 0:00:00]} 67. h8=Q {[%emt 0:00:00]} Kg2 {[%emt 0:00:00]} 68. f7 {[%emt 0:00:00]} Kg1 {[%emt 0:00:00]} 69. f8=Q {[%emt 0:00:00]} Kg2 {[%emt 0:00:00]} 70. Qhg7 {[%emt 0:00:00]} Kg1 {[%emt 0:00:00]} 71. Kh5+ {[%emt 0:00:00]} Kh1 {[%emt 0:00:00]} 72. Kg6 {[%emt 0:00:00]} Kh2 {[%emt 0:00:00]} 73. Kh7 {[%emt 0:00:00]} Kh3 {[%emt 0:00:01]} 74. Kg8 {[%emt 0:00:00]} Kh2 {[%emt 0:00:00]} 75. Qeg6 {[%emt 0:00:00]} Kh1 {[%emt 0:00:00]} 76. Q6h6# {[%emt 0:00:00] (Lag: Av=0.64s, max=1.1s)} 1-0

[Event "Stay Safe Play From Home 299"]
[Site "Emanuel Lasker Arena"]
[Date "2020.07.13"]
[Round "3"]
[White "Sfantul321"]
[Black "Cirovicz"]
[Result "0-1"]
[WhiteElo "2008"]
[BlackElo "1945"]
[Annotator "NA RC"]
[PlyCount "64"]
[EventDate "2020.07.13"]
[EventType "swiss (blitz)"]

1. c4 {[%emt 0:00:00]} e6 {[%emt 0:00:01]} 2. Nc3 {[%emt 0:00:00]} Nf6 {[%emt 0:00:00]} 3. e4 {[%emt 0:00:01]} Bb4 {[%emt 0:00:00]} 4. d4 {[%emt 0:00:01]} Bxc3+ {[%emt 0:00:01]} 5. bxc3 {[%emt 0:00:01]} Nxe4 {[%emt 0:00:01]} 6. Qc2 {[%emt 0:00:00]} Nd6 {[%emt 0:00:01]} 7. Bd3 {[%emt 0:00:01]} O-O {[%emt 0:00:01]} 8. Bxh7+ {[%emt 0:00:01]} Kh8 {[%emt 0:00:01]} 9. Bd3 {[%emt 0:00:00]} f5 {[%emt 0:00:01]} 10. Qe2 {[%emt 0:00:01]} c5 {[%emt 0:00:01]} 11. dxc5 {[%emt 0:00:03]} Ne4 {[%emt 0:00:01]} 12. Bxe4 {[%emt 0:00:01]} fxe4 {[%emt 0:00:01]} 13. Qxe4 {[%emt 0:00:01]} Qf6 {[%emt 0:00:00]} 14. Qe3 {[%emt 0:00:03]} d5 {[%emt 0:00:02]} 15. cxd6 {[%emt 0:00:01]} Nc6 {[%emt 0:00:02]} 16. Nf3 {[%emt 0:00:01]} Nb4 {[%emt 0:00:01]} 17. Qd4 {[%emt 0:00:05]} Nc2+ {[%emt 0:00:01]} 18. Kd2 {[%emt 0:00:01]} Nxd4 {[%emt 0:00:01]} 19. cxd4 {[%emt 0:00:01]} Bd7 {[%emt 0:00:02]} 20. c5 {[%emt 0:00:01]} Qh6+ {[%emt 0:00:01]} 21. Kc3 {[%emt 0:00:01]} Qh5 {[%emt 0:00:01]} 22. h3 {[%emt 0:00:02]} Rxf3+ {[%emt 0:00:02]} 23. gxf3 {[%emt 0:00:01]} Qxf3+ {[%emt 0:00:01]} 24. Be3 {[%emt 0:00:00]} e5 {[%emt 0:00:01]} 25. dxe5 {[%emt 0:00:02]} b6 {[%emt 0:00:01]} 26. cxb6 {[%emt 0:00:02]} axb6 {[%emt 0:00:01]} 27. Rhg1 {[%emt 0:00:02]} Ra3+ {[%emt 0:00:02]} 28. Kb2 {[%emt 0:00:01]} Rxe3 {[%emt 0:00:01]} 29. fxe3 {[%emt 0:00:00]} Qxe3 {[%emt 0:00:01]} 30. Rge1 {[%emt 0:00:01]} Qd2+ {[%emt 0:00:02]} 31. Kb3 {[%emt 0:00:01]} Be6+ {[%emt 0:00:01]} 32. Ka4 {[%emt 0:00:00]} Qa5# {[%emt 0:00:01] (Lag: Av=0.62s, max=1.2s)} 0-1

[Event "Stay Safe Play From Home 299"]
[Site "Emanuel Lasker Arena"]
[Date "2020.07.13"]
[Round "3"]
[White "Souchov"]
[Black "Greblha"]
[Result "0-1"]
[WhiteElo "2007"]
[BlackElo "1863"]
[Annotator "TA"]
[PlyCount "108"]
[EventDate "2020.07.13"]
[EventType "swiss (blitz)"]

{[%evp 14,108,70,66,65,39,56,40,55,10,64,64,69,66,57,60,64,0,6,-23,0,-15,0,-32,6,-39,-27,-37,0,0,0,0,0,-15,-11,-14,0,-84,0,-87,-86,-92,-10,-7,0,0,554,-597,-98,-98,1259,1272,985,138,5281,191,535,-373,177,179,142,0,0,-193,431,-89,676,625,1731,974,1831,987,872,857,29989,-152,879,670,29993,29994,29995,29995,29995,29992,29992,29992,29996,29992,29992,29992,29993,29992,29992,29992,29992,29992,29992]} 1. e4 c6 2. d4 d5 3. Nd2 dxe4 4. Nxe4 Nf6 5. Nxf6+ gxf6 6. c3 Bf5 7. Nf3 e6 8. Bd3 {Strongly threatening Bxf5.} Bg6 {[#] B16: Caro-Kann: Bronstein-Larsen Variation.} 9. Bc4 $146 ({Predecessor:} 9. O-O Qc7 10. Re1 Nd7 11. Bxg6 hxg6 12. d5 cxd5 13. Qxd5 Be7 14. Qb5 Rh5 15. Qa4 b5 16. Qe4 {0-1 (54) Hu,Y (1993)-Xu,Y (2359) Sanya 2017}) 9... Bd6 10. O-O Qc7 {White is slightly better.} 11. h3 O-O ({Black should play} 11... Nd7 $11) 12. Nh4 $14 Nd7 13. Bh6 Rfe8 14. Qf3 f5 15. Nxg6 ({Better is} 15. Rfe1 $14) 15... hxg6 $11 16. h4 Bf8 17. Bxf8 (17. Bd2 {is interesting.} Nf6 18. Rad1 Bd6 19. Bg5 Ne4 20. Be3) 17... Nxf8 (17... Kxf8 {is interesting.} 18. h5 gxh5 19. Qxh5 Nf6 20. Qh6+ Ke7) 18. h5 Kh7 19. hxg6+ Nxg6 20. g3 Kg7 21. Kg2 Rh8 $36 {[%mdl 2048] Black has good play.} 22. Rh1 b5 23. Bb3 a5 24. a4 b4 25. c4 (25. cxb4 $11 axb4 26. Qe3) 25... Rag8 (25... Qe7 $17 26. Qxc6 Qg5) 26. Rxh8 (26. d5 $11) 26... Rxh8 $17 27. d5 cxd5 (27... Qe5 $17 28. dxe6 fxe6) 28. cxd5 $11 Ne5 29. Qf4 {Threatens to win with Rc1.} Kf6 $2 {[%mdl 8192]} (29... f6 $11 {and Black stays safe.}) 30. dxe6 $4 {[%mdl 8192]} (30. Re1 $1 $18) 30... fxe6 $2 (30... Qb7+ $19 {has better winning chances.} 31. f3 Nxf3 $1 {[%mdl 512]} 32. Qxf3 Rh2+ $3 {[%mdl 576] Deflection} 33. Kxh2 Qxf3 34. exf7 Qe2+ 35. Kh1 Kg7) 31. Re1 $17 Rg8 $2 {[%mdl 8192]} (31... Qc6+ $17 32. f3 Qxf3+ 33. Qxf3 Rh2+ 34. Kf1 Nxf3 35. Rxe6+ Kg5) 32. Qh6+ $18 Rg6 33. Qh4+ $2 (33. Qf8+ $18 Qf7 34. Qd8+ {[%mdl 64] Double Attack} Qe7 35. Qxe7+ {[%mdl 64] Overworked Piece} Kxe7 36. Rxe5) 33... Kf7 $2 {[%mdl 8192]} (33... Kg7 $16) 34. Qf4 $2 (34. Qh7+ Rg7 35. Qxf5+ {[%mdl 64] Double Attack} Ke8 36. Rxe5 {[%mdl 64] Double Attack}) 34... Qc6+ $2 (34... Kf6 {is more resistant.} 35. Qh4+ Kg7) 35. Kf1 $4 {[%mdl 8192]} (35. f3 $18 {is the narrow road to win.} Nxf3 36. Qxf3 Qxf3+ 37. Kxf3) 35... Nf3 $4 {[%mdl 8192]} (35... Qh1+ $19 {and life is good for Black.} 36. Ke2 Qxe1+ $1 {[%mdl 576] Deflection, Decoy} 37. Kxe1 Nd3+ {[%mdl 64] Double Attack} 38. Ke2 Nxf4+ 39. gxf4 Rh6) 36. Qxf5+ $1 Rf6 37. Qh5+ ({White has to play} 37. Qh7+ $16 Ke8 38. Rd1) 37... Kg7 $1 $11 {And now ...Rf5 would win.} 38. Qg4+ $2 (38. Rd1 $11) 38... Rg6 $4 {[%mdl 8192] [#]} (38... Kf8 $19 {avoids the disaster. ( -> ...Nh2+)} 39. Qh5 Nxe1 40. Kxe1 Qe4+ 41. Qe2 Qh1+ 42. Qf1 Qe4+ 43. Qe2 Qh1+ 44. Qf1 Rh6 45. Qxh1 Rxh1+ 46. Kd2 Rf1 47. Bxe6 Rxf2+ 48. Kc1 Ke7) 39. Qf4 $2 ({Only move:} 39. Qxg6+ $1 $18 {[%mdl 512]} Kxg6 40. Rxe6+ Qxe6 41. Bxe6) 39... Nd2+ $2 {[%mdl 8192]} (39... Nxe1 $17 40. Kxe1 Qb6) 40. Qxd2 $18 Qa6+ 41. Qe2 Qc6 42. Kg1 Rh6 43. f3 Rh1+ 44. Kf2 $2 (44. Kxh1 {mates} Kf7 45. Bxe6+ Kg6 46. Qd3+ Kg7 47. Qd4+ Kg6 48. Qg4+ Kh6 49. Bf5) 44... Qc5+ $2 (44... Rh2+ $17 45. Kf1 Rxe2 46. Kxe2 Qc5) 45. Qe3 Rh6 46. Qxc5 {White mates.} Rf6 {[#]} 47. Qd4 $1 Kg6 {[#]} 48. Qxf6+ $3 Kxf6 49. f4 Kf5 50. Re5+ Kf6 51. Rxa5 Kf7 52. Rb5 Ke7 53. Rxb4 Kd6 54. Re4 e5 {[%mdl 32768] Accuracy: White = 39%, Black = 36%. . Loss on time!?} 0-1

[Event "Stay Safe Play From Home 299"]
[Site "Emanuel Lasker Arena"]
[Date "2020.07.13"]
[Round "3"]
[White "Haxhi Baha"]
[Black "SoulofWolf"]
[Result "1-0"]
[WhiteElo "2001"]
[BlackElo "2189"]
[Annotator "RC"]
[PlyCount "63"]
[EventDate "2020.07.13"]
[EventType "swiss (blitz)"]

1. e4 {[%emt 0:00:01]} e6 {[%emt 0:00:00]} 2. f4 {[%emt 0:00:01]} c5 {[%emt 0:00:00]} 3. d4 {[%emt 0:00:01]} a6 {[%emt 0:00:00]} 4. d5 {[%emt 0:00:02]} exd5 {[%emt 0:00:00]} 5. exd5 {[%emt 0:00:00]} d6 {[%emt 0:00:00]} 6. Nc3 {[%emt 0:00:00]} Be7 {[%emt 0:00:00]} 7. Nf3 {[%emt 0:00:00]} Nf6 {[%emt 0:00:00]} 8. Bd3 {[%emt 0:00:01]} b5 {[%emt 0:00:00]} 9. b3 {[%emt 0:00:01]} c4 {[%emt 0:00:00]} 10. bxc4 {[%emt 0:00:01]} b4 {[%emt 0:00:00]} 11. Ne4 {[%emt 0:00:01]} Nxe4 {[%emt 0:00:00]} 12. Bxe4 {[%emt 0:00:00]} O-O {[%emt 0:00:00]} 13. O-O {[%emt 0:00:01]} Bf6 {[%emt 0:00:00]} 14. Rb1 {[%emt 0:00:02]} Re8 {[%emt 0:00:00]} 15. Bd3 {[%emt 0:00:02]} Nd7 {[%emt 0:00:01]} 16. Rxb4 {[%emt 0:00:02]} Nc5 {[%emt 0:00:01]} 17. Rb1 {[%emt 0:00:01]} Bg4 {[%emt 0:00:02]} 18. h3 {[%emt 0:00:02]} Bxf3 {[%emt 0:00:01]} 19. Qxf3 {[%emt 0:00:00]} Qa5 {[%emt 0:00:01]} 20. Bb2 {[%emt 0:00:02]} Be7 {[%emt 0:00:03]} 21. Qh5 {[%emt 0:00:02]} g6 {[%emt 0:00:02]} 22. Qh6 {[%emt 0:00:02]} Bf8 {[%emt 0:00:02]} 23. Qg5 {[%emt 0:00:01]} Nd7 {[%emt 0:00:05]} 24. f5 {[%emt 0:00:02]} Ne5 {[%emt 0:00:09]} 25. fxg6 {[%emt 0:00:03]} hxg6 {[%emt 0:00:04]} 26. Rxf7 {[%emt 0:00:06]} Kxf7 {[%emt 0:00:03]} 27. Bxe5 {[%emt 0:00:01]} Rxe5 {[%emt 0:00:01]} 28. Qxg6+ {[%emt 0:00:00]} Ke7 {[%emt 0:00:00]} 29. Rf1 {[%emt 0:00:02]} Qb6+ {[%emt 0:00:06]} 30. Kh1 {[%emt 0:00:02]} Re1 {[%emt 0:00:13]} 31. Rxe1+ {[%emt 0:00:01]} Kd8 {[%emt 0:00:01]} 32. Qf7 {[%emt 0:00:01] Czas partii (Lag: Av=0.61s, max=0.9s)} 1-0

[Event "Stay Safe Play From Home 299"]
[Site "Emanuel Lasker Arena"]
[Date "2020.07.13"]
[Round "3"]
[White "Chase the sun"]
[Black "Klasman"]
[Result "1-0"]
[WhiteElo "1784"]
[BlackElo "1314"]
[Annotator "NA RC"]
[PlyCount "35"]
[EventDate "2020.07.13"]
[EventType "swiss (blitz)"]

{Lerch, Martin Erik} 1. e4 {[%emt 0:00:01]} f5 {[%emt 0:00:01]} 2. exf5 {[%emt 0:00:01]} Nf6 {[%emt 0:00:01]} 3. g4 {[%emt 0:00:01]} h6 {[%emt 0:00:01]} 4. d4 {[%emt 0:00:02]} d5 {[%emt 0:00:01]} 5. Bd3 {[%emt 0:00:01]} e6 {[%emt 0:00:01]} 6. Nf3 {[%emt 0:00:07]} exf5 {[%emt 0:00:02]} 7. Bxf5 {[%emt 0:00:00]} Nxg4 {[%emt 0:00:07]} 8. Qe2+ {[%emt 0:00:06]} Be7 {[%emt 0:00:08]} 9. Bxc8 {[%emt 0:00:01]} Qxc8 {[%emt 0:00:03]} 10. Bf4 {[%emt 0:00:00]} Nf6 {[%emt 0:00:06]} 11. Ne5 {[%emt 0:00:01]} Qf5 {[%emt 0:00:08]} 12. Nd2 {[%emt 0:00:00]} Qxf4 {[%emt 0:00:02]} 13. O-O-O {[%emt 0:00:02]} c6 {[%emt 0:00:02]} 14. Rde1 {[%emt 0:00:01]} Kf8 {[%emt 0:00:04]} 15. Ng6+ {[%emt 0:00:01]} Kf7 {[%emt 0:00:05]} 16. Nxf4 {[%emt 0:00:01]} Bd6 {[%emt 0:00:02]} 17. Qe6+ {[%emt 0:00:02]} Kf8 {[%emt 0:00:03]} 18. Ng6# {[%emt 0:00:00] (Lag: Av=0.50s, max=1.2s)} 1-0